Bratislava

Enregistré dans:
Détails bibliographiques
Auteur principal: Lazišťan, Eugen (Auteur)
Format: Livre
Publié: Martin : Osveta, 1970
Sujets:
Tags: Ajouter un tag
Pas de tags, Soyez le premier à ajouter un tag!

MARC

LEADER 00000nam a22000003a 4500
001 stu80955
005 20150617225640.2
008 030612s1970----------------------------d
040 |a STU  |b slo 
041 0
100 1 |a Lazišťan, Eugen  |4 aut 
245 1 |a Bratislava 
260 |a Martin :  |b Osveta,  |c 1970 
300 |a 240 s 
650 7 |a Bratislava  |2 stusub 
996 |b 284AU00021  |c A*3898 U  |l AAKNAR  |s A  |a 24  |w stu80955_0001